Southville International School and Colleges
Your cart is empty.
  • Cart
  • Lists
    Public lists Eva Luna New books Lux_list list_1
    Your lists Log in to create your own lists
  • Log in to your account
  • Your cookies
  • Search history
Southville International School and Colleges
  • Advanced search
  • Recent comments
  • Most popular
  • Libraries

Log in to your account

Log in with GOOGLE


If you do not have an external account, but do have a local account, you can still log in:

  1. Home
  2. MARC view: Dicey's song /
Normal view MARC view ISBD view

Dicey's song / (Record no. 294968)

[ view plain ]
MARC details
000 -LEADER
fixed length control field 01083cam a22003017a 4500
001 - CONTROL NUMBER
control field 17755115
003 - CONTROL NUMBER IDENTIFIER
control field SISC
005 - DATE AND TIME OF LATEST TRANSACTION
control field 20160601083035.0
008 - FIXED-LENGTH DATA ELEMENTS--GENERAL INFORMATION
fixed length control field 130529r20121982nyua j 000 1 eng
010 ## - LIBRARY OF CONGRESS CONTROL NUMBER
LC control number 2012418701
020 ## - INTERNATIONAL STANDARD BOOK NUMBER
International Standard Book Number 9781442428799
040 ## - CATALOGING SOURCE
Original cataloging agency DLC
Transcribing agency DLC
Modifying agency DLC
042 ## - AUTHENTICATION CODE
Authentication code lcac
-- pcc
050 00 - LIBRARY OF CONGRESS CALL NUMBER
Classification number PZ 7 .V874
Item number Di 2012
100 1# - MAIN ENTRY--PERSONAL NAME
Personal name Voigt, Cynthia.
245 10 - TITLE STATEMENT
Title Dicey's song /
Statement of responsibility, etc Cynthia Voigt.
250 ## - EDITION STATEMENT
Edition statement Atheneum Books for Young readers pbk. ed.
260 ## - PUBLICATION, DISTRIBUTION, ETC. (IMPRINT)
Place of publication, distribution, etc New York :
Name of publisher, distributor, etc Atheneum Books for Young Readers,
Date of publication, distribution, etc 2012.
300 ## - PHYSICAL DESCRIPTION
Extent 247 p. ;
Dimensions 21 cm.
490 0# - SERIES STATEMENT
Series statement The Tillerman cycle ;
Volume number/sequential designation bk. 2
500 ## - GENERAL NOTE
General note Sequel to: Homecoming.
520 ## - SUMMARY, ETC.
Summary, etc Now that the four abandoned Tillerman children are settled in with their grandmother, Dicey finds that their new beginnings require love, trust, humor, and courage.
650 #1 - SUBJECT ADDED ENTRY--TOPICAL TERM
Topical term or geographic name as entry element Brothers and sisters
General subdivision Fiction.
650 #1 - SUBJECT ADDED ENTRY--TOPICAL TERM
Topical term or geographic name as entry element Family life
General subdivision Fiction.
906 ## - LOCAL DATA ELEMENT F, LDF (RLIN)
a 7
b cbc
c origcop
d 2
e ncip
f 20
g y-gencatlg
942 ## - ADDED ENTRY ELEMENTS (KOHA)
Source of classification or shelving scheme Library of Congress Classification
Koha item type Books
Holdings
Withdrawn status Lost status Source of classification or shelving scheme Damaged status Home library Current library Shelving location Date acquired Source of acquisition Total Checkouts Full call number Barcode Date last seen Price effective from Koha item type
    Library of Congress Classification   Luxembourg Library Luxembourg Library Fiction Section 05/25/2016 Library Fund   PZ 7 .V874 Di 2012 20163 05/25/2016 05/25/2016 Books

Dicey's song /

APA

Voigt C., . (2012). Dicey's song. New York: Atheneum Books for Young Readers.

Chicago

Voigt Cynthia, . 2012. Dicey's song. New York: Atheneum Books for Young Readers.

Harvard

Voigt C., . (2012). Dicey's song. New York: Atheneum Books for Young Readers.

MLA

Voigt Cynthia, . Dicey's song. New York: Atheneum Books for Young Readers. 2012.

  • Place hold
  • Print
  • Cite
  • Add to your cart (remove)
  • Save record
    BIBTEX Dublin Core MARCXML MARC (non-Unicode/MARC-8) MARC (Unicode/UTF-8) MARC (Unicode/UTF-8, Standard) MODS (XML) RIS
  • More searches
    Search for this title in:
    Other Libraries (WorldCat) Other Databases (Google Scholar) Online Stores (Bookfinder.com) Open Library (openlibrary.org)

Exporting to Dublin Core...

SOUTHVILLE LIBRARY

Southville International School and Colleges Library

1281 Tropical Ave. Cor. Luxembourg St., BF Homes International, Las Pinas City

Tel. No. 8256374 / 252358 Loc. 117/146

Powered by Koha